Great Power Competition in the Southern Oceans (Record no. 12745)

000 -LEADER
fixed length control field 00535nam a2200145Ia 4500
008 - FIXED-LENGTH DATA ELEMENTS--GENERAL INFORMATION
fixed length control field 250103s2023 xx 000 0 und d
020 ## - INTERNATIONAL STANDARD BOOK NUMBER
International Standard Book Number 978-3-031-36476-1
022 ## - INTERNATIONAL STANDARD SERIAL NUMBER
International Standard Serial Number 2730-7980
041 ## - LANGUAGE CODE
Language code of text/sound track or separate title eng
100 ## - MAIN ENTRY--PERSONAL NAME
Personal name Ariel González Levaggi
245 ## - TITLE STATEMENT
Title Great Power Competition in the Southern Oceans
260 ## - PUBLICATION, DISTRIBUTION, ETC.
Name of publisher, distributor, etc. Springer Nature Switzerland
Date of publication, distribution, etc. 2023
440 ## - SERIES STATEMENT/ADDED ENTRY--TITLE
Volume/sequential designation Palgrave Studies in Maritime Politics and Security
856 ## - ELECTRONIC LOCATION AND ACCESS
Uniform Resource Identifier <a href="https://link.springer.com/openurl?genre=book&isbn=978-3-031-36476-1">https://link.springer.com/openurl?genre=book&isbn=978-3-031-36476-1</a>
Public note https://doi.org/10.1007/978-3-031-36476-1
Holdings
Withdrawn status Lost status Damaged status Not for loan Collection code Permanent Location Current Location Date acquired Date last seen Price effective from Koha item type
          IMU-MPC Library IMU-MPC Library 2025-01-03 2025-01-03 2025-01-03 E-Book
Copyright © 2021 Indian Maritime University, Mumbai Port Campus. All Rights Reserved. Managed & Maintained by Central Library, IMU-Mumbai

webs counters

Powered by Koha